000 00303nam a2200109Ia 4500
008 220204s9999 xx 000 0 und d
082 _aNR:31(035)1993
_bHAN;1
245 0 _aHandbook of rubber statistics
250 _aEd.3
260 _aBombay
_bAll India Rubber Industries Association
_c1993
942 _cREF
999 _c40829
_d40829